<?xml version="1.0" encoding="UTF-8"?>
<collection xmlns="http://www.loc.gov/MARC21/slim">
 <record>
  <leader>00750cam a2200205 7i4500</leader>
  <controlfield tag="001">0000020183</controlfield>
  <controlfield tag="005">20140709090000.0</controlfield>
  <datafield tag="020" ind1="#" ind2="0">
   <subfield code="a">0262041847 </subfield>
  </datafield>
  <datafield tag="090" ind1="0" ind2="0">
   <subfield code="a">HD 5047.2 </subfield>
   <subfield code="b">D441</subfield>
  </datafield>
  <datafield tag="100" ind1="1" ind2="#">
   <subfield code="a">Desai, Padma </subfield>
  </datafield>
  <datafield tag="245" ind1="1" ind2="0">
   <subfield code="a">Work without wages : </subfield>
   <subfield code="b">Russia's nonpayment crisis  </subfield>
   <subfield code="c">Padma Desai &amp; Todd Idson.</subfield>
  </datafield>
  <datafield tag="260" ind1="#" ind2="#">
   <subfield code="a">Cambridge: </subfield>
   <subfield code="b">The MIT Press, </subfield>
   <subfield code="c">2000.</subfield>
  </datafield>
  <datafield tag="300" ind1="#" ind2="#">
   <subfield code="a">x, 258 p.: </subfield>
   <subfield code="b">ill. ;; </subfield>
   <subfield code="c">24 cm..</subfield>
  </datafield>
  <datafield tag="504" ind1="0" ind2="0">
   <subfield code="a">Includes bibliographical references and index.</subfield>
  </datafield>
  <datafield tag="590" ind1="#" ind2="#">
   <subfield code="a">Pusat Pengajian Pembangunan Sosial dan Ekonomi</subfield>
  </datafield>
  <datafield tag="650" ind1="0" ind2="0">
   <subfield code="a">Debt -- </subfield>
   <subfield code="z">Russia (Federation) </subfield>
  </datafield>
  <datafield tag="650" ind1="0" ind2="0">
   <subfield code="a">Wages -- </subfield>
   <subfield code="z">Russia (Federation) </subfield>
  </datafield>
  <datafield tag="650" ind1="0" ind2="0">
   <subfield code="a">Russia (Federation) -- </subfield>
   <subfield code="x">Economic conditions -- </subfield>
   <subfield code="y">1991- </subfield>
  </datafield>
  <datafield tag="700" ind1="1" ind2="1">
   <subfield code="a">Idson, </subfield>
   <subfield code="h">Todd </subfield>
  </datafield>
  <datafield tag="999" ind1=" " ind2=" ">
   <subfield code="a">1100006953</subfield>
   <subfield code="b">Book</subfield>
   <subfield code="c">Open Shelf</subfield>
   <subfield code="e">KOLEKSI TERBUKA</subfield>
  </datafield>
 </record>
</collection>
